Detalles MARC
| 000 -LIDER |
| fixed length control field |
01086cam a22003133a 4500 |
| 001 - NÚMERO DE CONTROL |
| Identificador de número de control |
0000784 |
| 003 - IDENTIFICACDOR DE NÚMERO DE CONTROL |
| control field |
DO-SdBNP |
| 005 - DATE AND TIME OF LATEST TRANSACTION |
| control field |
20180213142706.0 |
| 007 - CAMPOS FIJOS DE DESCRIPCIÓN FÍSICA |
| fixed length control field |
0000784 |
| 008 - ELEMENTOS DE LONGITUD FIJA |
| fixed length control field |
861112 2004 mx a 000 0 spa d |
| 010 ## - NUMERO DE CONTROL DE BIBLIOTECA DEL CONGRESO |
| LC control number |
|
| 020 ## - ISBN |
| International Standard Book Number |
9789681910143 |
| 040 ## - FUENTE DE CATALOGACIÓN |
| Agencia que crea de manera original el registro |
BPMSU |
| Agencia que realiza la transcripción |
spa |
| Agencia que realiza la modificación |
BPMSU |
| -- |
|
| 100 1# - ASIENTO PRINCIPAL -- NOMBRE PERSONAL |
| Nombre personal |
Ben Jelloun, Tahar |
| Fechas asociadas con el nombre |
1944- |
| 245 10 - MENCIÓN DE TITULO |
| Título |
Papá, ¿qué es el racismo ? / |
| Mención de responsabilidad |
Tahar Ben Jelloun ; prólogo Fernando Savater ; traducción Malika Embarek López |
| 250 ## - MENCIÓN DE EDICION |
| Mención de edición |
5a. ed. |
| 260 ## - PUBLICACIÓN, DISTRIBUCIÓN, ETC. (PIE DE IMPRENTA) |
| Lugar de publicación, distribución, etc |
México : |
| Nombre del editor, distribuidor, etc. |
Santillana ediciones generales, |
| -- |
Alfaguara, |
| Fecha de publicación, distribución, etc |
2004. |
| Fecha de impresión |
(5ta. reimpresión 2008) |
| 300 ## - DESCRIPCIÓN FÍSICA |
| Extensión |
101 p. : |
| Otros detalles físicos |
il. |
| Dimensiones |
20 cm. |
| 490 0# - MENCIÓN DE SERIES |
| Mención de serie |
Alfaguara infantil |
| 500 ## - NOTA GENERAL |
| Nota general |
La biblioteca posee la 5ta. reimpresión de junio 2008 y la 8va. reimpresión de marzo 2009 de la primera edición de junio 2004. |
| 521 ## - TARGET AUDIENCE NOTE |
| Target audience note |
A partir de 10 años. |
| 600 00 - ENCABEZAMIENTO DE MATERIA--NOMBRE PERSONAL |
| Nombre personal |
|
| Subdivisión temática general |
|
| 700 12 - ASIENTO SECUNDARIO -- NOMBRE PERSONAL |
| Nombre personal |
Savater, Fernando |
| Mención de responsabilidad |
prol. |
| 700 12 - ASIENTO SECUNDARIO -- NOMBRE PERSONAL |
| Nombre personal |
Embarek López, Malika |
| Mención de responsabilidad |
trad. |
| 830 #0 - ASIENTO SECUNDARIO DE SERIE--TÍTULO UNIFORME |
| Título uniforme |
Alfaguara infantil |
| 942 ## - ADDED ENTRY ELEMENTS (KOHA) |
| Source of classification or shelving scheme |
Dewey Decimal Classification |
| Koha item type |
Libros |
| 945 ## - INFORMACIÓN DE PROCESAMIENTO LOCAL |
| Información de procesamiento local |
Inventariado, 2018 / YL |
| 956 ## - LOCAL ELECTRONIC LOCATION AND ACCESS (OCLC) |
| Nombre de host |
YLOCKWARD |
| Número de acceso |
10 |
| Información de compresión |
BPMSU |